Polish Presidents by City - Statistics

General Stats
  • This quiz has been taken 35 times
  • The average score is 5 of 16
Answer Stats
President City % Correct
Third Polish Republic Lech Kaczyński Warszawa
100%
Second Polish Republic/Government of the Republic of Poland in Exile August Zaleski Warszawa
100%
Third Polish Republic Andrzej Duda Kraków
97%
Polish People's Republic Bolesław Bierut Lublin
61%
Government of the Republic of Poland in Exile Stanisław Ostrowski Lwów
52%
Government of the Republic of Poland in Exile Ryszard Kaczorowski Białystok
42%
Third Polish Republic Aleksander Kwaśniewski Białogard
15%
Third Polish Republic Lech Wałęsa Popowo
15%
Third Polish Republic Bronisław Komorowski Oborniki Śląskie
12%
Second Polish Republic Stanisław Wojciechowski Kalisz
9%
Third Polish Republic Wojciech Jaruzelski Kurów
9%
Government of the Republic of Poland in Exile Edward Raczyński Zakopane
9%
Second Polish Republic Władysław Raczkiewicz Kutaisi
6%
Government of the Republic of Poland in Exile Kazimierz Sabbat Bieliny Kapitulne
3%
Second Polish Republic Ignacy Mościcki Mierzanowo
3%
Second Polish Republic Gabriel Narutowicz Telsze
3%
No matching quizzes found
Score Distribution
Percent of People with Each Score
Percentile by Number Answered
Your Score History
You have not taken this quiz